| 000 | 01563nam a22003734a 4500 | ||
|---|---|---|---|
| 001 | ebr10234836 | ||
| 003 | CaPaEBR | ||
| 006 | m u | ||
| 007 | cr cn||||||||| | ||
| 008 | 060403s2006 ne b sb 001 0 eng | ||
| 010 | _z 2006044021 | ||
| 020 | _z9789004151574 | ||
| 020 | _z9004151575 (hardback : alk. paper) | ||
| 040 |
_aCaPaEBR _cCaPaEBR |
||
| 035 | _a(OCoLC)263068581 | ||
| 043 | _ae-it--- | ||
| 050 | 1 | 4 |
_aDS135.I85 _bR6227 2006eb |
| 082 | 0 | 4 |
_a937/.6004924 _222 |
| 100 | 1 | _aCappelletti, Silvia. | |
| 245 | 1 | 4 |
_aThe Jewish community of Rome _h[electronic resource] : _bfrom the second century B.C. to the third century C.E. / _cby Silvia Cappelletti. |
| 260 |
_aLeiden ; _aBoston : _bBrill, _c2006. |
||
| 300 |
_aviii, 247 p. : _bmaps. |
||
| 490 | 1 |
_aSupplements to the Journal for the study of Judaism, _x1384-2161 ; _vv. 113 |
|
| 504 | _aIncludes bibliographical references (p. [213]-227) and indexes. | ||
| 533 |
_aElectronic reproduction. _bPalo Alto, Calif. : _cebrary, _d2013. _nAvailable via World Wide Web. _nAccess may be limited to ebrary affiliated libraries. |
||
| 650 | 0 |
_aJews _zItaly _zRome _xHistory. |
|
| 650 | 0 |
_aCatacombs _zItaly _zRome. |
|
| 650 | 0 |
_aJewish inscriptions _zItaly _zRome. |
|
| 651 | 0 |
_aRome (Italy) _xEthnic relations. |
|
| 655 | 7 |
_aElectronic books. _2local |
|
| 710 | 2 | _aebrary, Inc. | |
| 830 | 0 |
_aSupplements to the Journal for the study of Judaism ; _vv. 113. |
|
| 856 | 4 | 0 |
_uhttp://site.ebrary.com/lib/rucke/Doc?id=10234836 _zAn electronic book accessible through the World Wide Web; click to view |
| 999 |
_c38351 _d38351 |
||